Central Library OPAC University of Rajshahi

The measurement of intelligence : (Record no. 50375)

MARC details
000 -LEADER
fixed length control field 00948nam a2200253 a 4500
001 - CONTROL NUMBER
control field 50375
003 - CONTROL NUMBER IDENTIFIER
rucl marc code BD-RjUL
005 - DATE AND TIME OF LATEST TRANSACTION
control field 20211209075511.0
008 - FIXED-LENGTH DATA ELEMENTS--GENERAL INFORMATION
fixed length control field 160824s1916 maua b 001 0 eng
035 ## - SYSTEM CONTROL NUMBER
System control number (BD-RjUL)50495
040 ## - CATALOGING SOURCE
Original cataloging agency DLC
Transcribing agency WSU
Modifying agency XBM
-- PIT
-- OCL
-- LEC
-- BD-RjUL
Language of cataloging eng
041 ## - LANGUAGE CODE
Language code of text/sound track or separate title eng
082 ## - DEWEY DECIMAL CLASSIFICATION NUMBER
Edition number 23
Classification number 150
Author mark and year TEM 1916
100 1# - MAIN ENTRY--PERSONAL NAME
Personal name Terman, Lewis M.
Fuller form of name (Lewis Madison),
Dates associated with a name 1877-1956.
9 (RLIN) 150959
245 14 - TITLE STATEMENT
Title The measurement of intelligence :
Remainder of title an explanation of and a complete guide for the use of the Stanford revision and extension of the Binet-Simon intelligence scale /
Statement of responsibility, etc. by Lewis M. Terman.
260 ## - PUBLICATION, DISTRIBUTION, ETC. (IMPRINT)
Place of publication, distribution, etc. Boston :
Name of publisher, distributor, etc. Houghton Mifflin Company,
Date of publication, distribution, etc. c1916.
300 ## - PHYSICAL DESCRIPTION
Pagination xviii, 362 p. :
Illustrations ill. ;
Size 20 cm.
490 0# - SERIES STATEMENT
Series statement Riverside textbooks in education
500 ## - GENERAL NOTE
General note Includes index.
650 #0 - SUBJECT ADDED ENTRY--TOPICAL TERM
Topical term or geographic name as entry element Intelligence tests.
9 (RLIN) 132887
Topical term or geographic name as entry element Binet-Simon Test.
9 (RLIN) 150960
830 ## - SERIES ADDED ENTRY--UNIFORM TITLE
Uniform title Riverside textbooks in education
942 ## - ADDED ENTRY ELEMENTS (KOHA)
Source of classification or shelving scheme Dewey Decimal Classification
Koha item type Books
Holdings
Lost status Source of classification or shelving scheme Damaged status Not for loan Collection code Permanent Location Current Location Shelving location Date acquired Source of acquisition Total Checkouts Full call number Date last seen Copy number Koha item type
  Dewey Decimal Classification     Non-fiction Central Library, University of Rajshahi Central Library, University of Rajshahi   05/07/1959 Asia foundation   150 TEM 1916 24/08/2016 C-2 Books